Statistics for New York Knicks 2016-17 Roster

Click here to take the quiz!

General Stats

  • This quiz has been taken 258 times
    (78 since last reset)
  • The average score is 9 of 17

Answer Stats

Nbr Post Player G % Correct
7SFCarmelo Anthony74
98%
6PFKristaps Porzingis66
94%
13CJoakim Noah46
77%
25PGDerrick Rose64
76%
5SGCourtney Lee77
71%
31SGRon Baker52
63%
42PFLance Thomas46
61%
9CKyle O'Quinn79
60%
14CWilly Hernangomez72
56%
-Head CoachJeff Hornacek-
52%
8SGJustin Holiday82
35%
91SFMindaugas Kuzminskas68
34%
3PGBrandon Jennings58
31%
3PGChasson Randle18
24%
40CMarshall Plumlee21
24%
2PFMaurice Ndour32
21%
18SGSasha Vujacic42
18%

Score Distribution

Percentile by Number Answered

Percent of People with Each Score

Your Score History

You have not taken this quiz since the last reset